Fundamentals of Computers (Record no. 9105)

MARC details
000 -LEADER
fixed length control field 00415nam a22001697a 4500
003 - CONTROL NUMBER IDENTIFIER
control field OSt
008 - FIXED-LENGTH DATA ELEMENTS--GENERAL INFORMATION
fixed length control field 201117b ||||| |||| 00| 0 eng d
020 ## - INTERNATIONAL STANDARD BOOK NUMBER
International Standard Book Number 978-8120350670
100 ## - MAIN ENTRY--PERSONAL NAME
Personal name RAJARAM, V
245 ## - TITLE STATEMENT
Title Fundamentals of Computers
250 ## - EDITION STATEMENT
Edition statement 6 TH
260 ## - PUBLICATION, DISTRIBUTION, ETC. (IMPRINT)
Place of publication, distribution, etc New Delhi
Name of publisher, distributor, etc Prentice Hall India Learning
Date of publication, distribution, etc 2020
300 ## - PHYSICAL DESCRIPTION
Extent 428
650 ## - SUBJECT ADDED ENTRY--TOPICAL TERM
Topical term or geographic name as entry element B.Sc Computer Science
700 ## - ADDED ENTRY--PERSONAL NAME
Personal name ADABALA, N
942 ## - ADDED ENTRY ELEMENTS (KOHA)
Source of classification or shelving scheme Dewey Decimal Classification
Koha item type Text Books
Holdings
Withdrawn status Lost status Source of classification or shelving scheme Damaged status Not for loan Collection code Home library Current library Date acquired Currency Cost, normal purchase price Bill Number Total Checkouts Acc. no. / Barcode Date last seen Date last borrowed Actual Cost, discounted price Bill Date Koha item type
    Dewey Decimal Classification     B.Sc Computer Science PIET NCR College Library PIET NCR College Library 17/11/2020 IN Rupees 350.00 IN256 1 N25 11/04/2023 04/01/2021 234.50 05/05/2020 Reference Books
    Dewey Decimal Classification     B.Sc Computer Science PIET NCR College Library PIET NCR College Library 17/11/2020 IN Rupees 350.00 IN256   N26 17/11/2020   234.50 05/05/2020 Text Books
    Dewey Decimal Classification     B.Sc Computer Science PIET NCR College Library PIET NCR College Library 17/11/2020 IN Rupees 350.00 IN256 2 N27 05/04/2022 23/03/2022 234.50 05/05/2020 Text Books
    Dewey Decimal Classification     B.Sc Computer Science PIET NCR College Library PIET NCR College Library 17/11/2020 IN Rupees 350.00 IN256 1 N28 15/04/2022 04/03/2022 234.50 05/05/2020 Text Books
    Dewey Decimal Classification     B.Sc Computer Science PIET NCR College Library PIET NCR College Library 17/11/2020 IN Rupees 350.00 IN256 1 N29 05/04/2022 23/03/2022 234.50 05/05/2020 Text Books
    Dewey Decimal Classification     B.Sc Computer Science PIET NCR College Library PIET NCR College Library 17/11/2020 IN Rupees 350.00 IN256 3 N30 04/03/2022 11/02/2022 234.50 05/05/2020 Text Books

Design & Developed by: PIET Central Library
R70 Miles Stone Pattikalyana Samalkha Panipat 132102
mail ID :- [email protected], Phone No:- 0180-2569700 Ex.216